000 00685nam a22002057a 4500
005 20251007143141.0
007 cr
008 191212cr ||||| |||| 00| 0 eng d
020 _a980-300-316-X (Versión DIgital)
082 1 4 _214
_a320.8
100 1 _97174
_aMatus, Carlos
245 1 0 _aPolítica, planificación y gobierno /
_cCarlos Matus
260 _aNeuquén :
_bOrganización Panamercana de la Salud,
_bFundacion ALTADIR,
_c2008
300 _a125 p.
650 0 _2unescot
_91075
_aESTADO
650 0 _2unescot
_93942
_aPOLÍTICAS PÚBLICAS
650 0 _91535
_aADMINISTRACION PUBLICA
856 4 0 _uhttp://www.bnm.me.gov.ar/giga1/documentos/EL001185.pdf
942 _2ddc
_cLIBRO DIGI
999 _c5955
_d5955
980 _819227
_gLeticia Ana Abalos